Upkar's General Knowledge Current Affairs and Who's Who?/ (Record no. 212517)

MARC details
000 -LEADER
fixed length control field 00538nam a22001817a 4500
005 - DATE AND TIME OF LATEST TRANSACTION
control field 20250723161857.0
010 ## - LCCN (DPL NO)
LC control number EN-146091
020 ## - INTERNATIONAL STANDARD BOOK NUMBER
International Standard Book Number 9789363196995
Terms of availability 50.00
035 ## - SYSTEM CONTROL NUMBER
System control number EN-129623
037 ## - SOURCE OF ACQUISITION
Source of stock number/acquisition DBAD
082 ## - DEWEY DECIMAL CLASSIFICATION NUMBER
Classification number 000
100 ## - MAIN ENTRY--PERSONAL NAME
Personal name Khanna and Verma
245 ## - TITLE STATEMENT
Title Upkar's General Knowledge Current Affairs and Who's Who?/
Statement of responsibility, etc Khanna and Verma
260 ## - PUBLICATION, DISTRIBUTION, ETC. (IMPRINT)
Place of publication, distribution, etc Agra
Name of publisher, distributor, etc Upkar Prakashan
Date of publication, distribution, etc 2025
270 ## - ADDRESS
Address 2/11A, Swadeshi Bima Nagar,
City Agra
Postal code 282-002
300 ## - PHYSICAL DESCRIPTION
Extent vpp.
Dimensions 22cm(Pb)
942 ## - ADDED ENTRY ELEMENTS (KOHA)
Source of classification or shelving scheme Dewey Decimal Classification
Item type English Books
Classification part 000
Call number suffix VER
Holdings
Withdrawn status Lost status Not for loan Collection code Home library Current library Date acquired Source of acquisition Cost, normal purchase price Full call number Barcode Copy number Cost, replacement price Koha item type
    Not For Loan Non-fiction Bawana Bawana 23/07/2025 Delivery of Books Act Division 50.00 000 VER EN-129623 1 50.00 English Books

© Delhi Public Library
Hit Counter
free hit counter